Normal view
MARC view
- Qin, Yaqing
Entry Personal Name
001 - CONTROL NUMBER
- control field: 16853
003 - CONTROL NUMBER IDENTIFIER
- control field: OSt
005 - DATE AND TIME OF LATEST TRANSACTION
- control field: 20260623142756.0
008 - FIXED-LENGTH DATA ELEMENTS
- fixed length control field: 260623|| aca||aabn | a|a d
040 ## - CATALOGING SOURCE
- Original cataloging agency: OSt
- Transcribing agency: OSt
100 ## - HEADING--PERSONAL NAME
- Personal name: Qin, Yaqing
670 ## - SOURCE DATA FOUND
- Source citation: Work cat.: (OSt)760961: Womack, Brantly, author. 16850, Recentering Pacific Asia :, , 2023
